Analysis of aggregates and particles in protein pharmaceuticals (Record no. 30725)

MARC details
000 -LEADER
fixed length control field 00831nam a2200193 a 4500
008 - FIXED-LENGTH DATA ELEMENTS--GENERAL INFORMATION
fixed length control field 160608s2012 ||||||||||||||||| || u
020 ## - INTERNATIONAL STANDARD BOOK NUMBER
International Standard Book Number 9780470497180
050 ## - LIBRARY OF CONGRESS CALL NUMBER
Classification number RS 431. P75 Ana
100 ## - MAIN ENTRY--PERSONAL NAME
Personal name Jiskoot, Wim
245 10 - TITLE STATEMENT
Title Analysis of aggregates and particles in protein pharmaceuticals
Statement of responsibility, etc. Edited By Hanns-Christian Mahler [and] Wim Jiskoot
260 ## - PUBLICATION, DISTRIBUTION, ETC.
Place of publication, distribution, etc. New Jersey
Name of publisher, distributor, etc. John Wiley and sons inc
Date of publication, distribution, etc. 2012
300 ## - PHYSICAL DESCRIPTION
Extent xvi,443p.: ill.
350 ## -
-- 145.00
650 ## - SUBJECT ADDED ENTRY--TOPICAL TERM
Topical term or geographic name entry element PHARMACEUTICAL PREPARATIONS--ANALYSIS
650 ## - SUBJECT ADDED ENTRY--TOPICAL TERM
Topical term or geographic name entry element PROTEINS--PHARMACOKINETICS
650 #0 - SUBJECT ADDED ENTRY--TOPICAL TERM
Topical term or geographic name entry element CHEMISTRY TECHNIQUES, ANALYTICAL--METHODS
700 ## - ADDED ENTRY--PERSONAL NAME
Personal name Mahler, Hanns-Christian
995 ## -
-- MEDICAL LIBRARY OPEN ACCESS
-- 745933
-- CBU-SCHOOL OF MEDICINE LIBRARY (Ndola)
-- 145.00
-- RS 431. P75 Ana
-- 1
-- AVAILABLE
-- Jun 9, 2016
-- 745933
-- Medical Library Open Access Collection
999 ## -
-- 30725
-- 30725
Holdings
Withdrawn status Lost status Source of classification or shelving scheme Damaged status Not for loan Permanent Location Current Location Shelving location Date acquired Total Checkouts Full call number Barcode Date last seen Price effective from Koha item type
          CBU-SCHOOL OF MEDICINE LIBRARY, NDOLA. CBU-SCHOOL OF MEDICINE LIBRARY, NDOLA.   11/30/2022   RS 431. P75 Ana 745933 11/30/2022 11/30/2022 MONOGRAPH